Garbiarska sága

Bibliographic Details
Main Author: Zelinová, Hana, 1914-2004 (Author)
Format: Book
Language:Slovak
PhysicalDescription:732 strán 22 cm
Published: Liptovský Mikuláš Tranoscius 2016
ISBN:9788071405009
Subjects:

MARC

LEADER 00000cam a2200000 4500
001 vtls011581496
003 SK-MaSNL
005 20260302085133.0
008 200205s2016 xo gr 000 fdslo
015 |a SNBA2019/07 
020 |a 9788071405009  |q (viazané) 
035 |a urn:nbn:sk:snk-am00d7hv 
035 |a urn:nbn:sk:snk-am3hsal 
035 |a 33CC0DAD-C485-45FE-977D-4FB81370A151 
040 |a SNK  |b slo  |c SNK  |e rda 
041 0 |a slo 
043 |a e-xo--- 
044 |a xo  |c SK 
072 7 |a 821.162.4-3  |x Slovenská próza  |2 konspekt 
080 |a 675.023/.024  |2 2011 
080 |a (437.641)  |2 2011 
080 |a 821.162.4-31  |2 2011 
080 |a (0:82-311.4)  |2 2011 
100 1 |a Zelinová, Hana,  |d 1914-2004  |4 aut  |9 101300 
245 1 0 |a Garbiarska sága  |c Hana Zelinová 
260 |a Liptovský Mikuláš  |b Tranoscius  |c 2016 
300 |a 732 strán  |c 22 cm 
336 |a text  |b txt  |2 rdacontent 
337 |a bez média  |b n  |2 rdamedia 
338 |a zväzok  |b nc  |2 rdacarrier 
500 |a Obsahuje 3 diela 
500 |a Obsahuje biografické údaje o autorke na záložke prebalu knihy 
500 |a Obsahuje slovník na strane 723-732 
650 0 7 |a garbiarstvo  |2 SNKPH  |9 58395 
650 0 7 |a Tannery  |2 SNKPHeng  |9 409974 
651 7 |a Liptovský Mikuláš (Slovensko)  |2 SNKPHgeo  |9 36847 
651 7 |a Liptovský Mikuláš (Slovakia)  |2 SNKPHeng  |9 267442 
655 7 |a slovenské romány  |2 SNKPH  |9 70324 
655 7 |a sociálne romány  |2 SNKPH  |9 86883 
655 7 |a Slovak fiction  |2 SNKPHeng  |9 277096 
655 7 |a Social novels  |2 SNKPHeng  |9 282610 
740 0 2 |a Hodvábna cesta 
740 0 2 |a Smäd 
740 0 2 |a Kľukatý let motýľa 
919 |a 978-80-7140-500-9 
958 |a LX 
999 |c 1190856  |d 1192786 
952 |a SNK  |b SNK  |y PREZ  |7 0  |p 17A1374534  |o snkSC 185050  |i snk2019/18326  |8 0  |0 0  |1 0  |4 0  |d 2019-07-10  |f 1  |l 0  |r 2026-02-24 22:10:45  |w 2026-02-24 
952 |a SNK  |b SNK  |y PREZ  |7 0  |p 17A1374535  |o snkSC 185050 D1  |i snk2019/18327  |8 0  |0 0  |1 0  |4 0  |d 2019-07-10  |l 0  |r 2026-02-24 22:10:45  |w 2026-02-24